God's Daughter: (Record no. 3821)

MARC details
000 -LEADER
fixed length control field 00565nam a22001937a 4500
003 - CONTROL NUMBER IDENTIFIER
control field GBCCL
005 - DATE AND TIME OF LATEST TRANSACTION
control field 20241126110504.0
008 - FIXED-LENGTH DATA ELEMENTS--GENERAL INFORMATION
fixed length control field 171213b xxu||||| |||| 00| 0 eng d
040 ## - CATALOGING SOURCE
Transcribing agency gbc
082 ## - DEWEY DECIMAL CLASSIFICATION NUMBER
Classification number 248.843
Item number GOO
100 ## - MAIN ENTRY--PERSONAL NAME
Personal name Goodboy, Eadie
9 (RLIN) 7523
245 ## - TITLE STATEMENT
Title God's Daughter:
Remainder of title Practical Aspects of a Christian Woman's Life /
Statement of responsibility, etc. Eadie Goodboy
260 ## - PUBLICATION, DISTRIBUTION, ETC.
Name of publisher, distributor, etc. Women's Aglow Fellowship,
Place of publication, distribution, etc. Lynnwood:
Date of publication, distribution, etc. 1984
300 ## - PHYSICAL DESCRIPTION
Extent 64 P.;
Dimensions 23 cm.
440 ## - SERIES STATEMENT/ADDED ENTRY--TITLE
Title Bible Study
9 (RLIN) 3980
650 ## - SUBJECT ADDED ENTRY--TOPICAL TERM
Topical term or geographic name entry element Christian Women
9 (RLIN) 7524
650 ## - SUBJECT ADDED ENTRY--TOPICAL TERM
Topical term or geographic name entry element Women
Form subdivision Christian life
9 (RLIN) 7525
942 ## - ADDED ENTRY ELEMENTS (KOHA)
Source of classification or shelving scheme Dewey Decimal Classification
Koha item type Books
Holdings
Withdrawn status Lost status Source of classification or shelving scheme Damaged status Not for loan Home library Current Library Shelving location Date acquired Total checkouts Full call number Barcode Date last seen Copy number Price effective from Koha item type
    Dewey Decimal Classification     GRACE BIBLE COLLEGE GRACE BIBLE COLLEGE Ministry & Mission 2017-12-13   248.843 GOO 003959 2025-05-01 c.1 2017-12-13 Books
© Grace Bible College Library 2025